000 01494cam a2200277 4500
001 ABS67765
008 040426n2004 000 0 eng u
035 _a(Sirsi) u126000
100 _aGould, S.
245 _aProfessional regulation: the facts explained
260 _c2004
490 _aRICS Business
_vApril 2004, 12-13(2)
520 _aExplains the framework of self-regulation practised by RICS in the context of developments in the regulatory environment of the professions, such as the recent review of the legal sector introduced by government. Describes what being a chartered body such as RICS means and reviews RICS efforts to make its rules, procedures and approach to compliance mirror government's understanding of best regulatory practice in the public interest. Outlines the benefits of self-regulation to RICS members and the areas of activity covered by regulation. Concludes that RICS is more than the sum of its members and that where members fall foul of the regulatory regime, RICS will always act in the public interest. View at www.rics.org/resources/business/.
590 _aABS
590 _aABS
590 _aABS
650 _aMEMBERS
650 _aLEGAL SECTOR
650 _aPUBLIC INTEREST
650 _aSELF-REGULATION
650 _aROYAL CHARTERS
650 _aRICS
690 _aPROFESSIONAL PRACTICE
856 _uhttps://www.rics.org/RICSWEB/getpage.aspx?p=K5MzG8XCz0qhN3CIZANOvA
_zView the article on the RICS website...
942 _n0
999 _c117245
_d117245